|
|
|
|
| LEADER |
00000nam0a2200000 4500 |
| 001 |
15454 |
| 005 |
20231030190227.0 |
| 035 |
|
|
|a (RuTPU)RU\TPU\book\15562
|
| 035 |
|
|
|a BOOK00000250
|
| 090 |
|
|
|a 15454
|
| 100 |
|
|
|a 20011209d1962 km y0rusy50 ca
|
| 101 |
0 |
|
|a rus
|
| 102 |
|
|
|a RU
|
| 105 |
|
|
|a a z 000zy
|
| 200 |
1 |
|
|a История открытия и исследования Северной Америки
|f И. П. Магидович
|
| 210 |
|
|
|a Москва
|c Географгиз
|d 1962
|
| 215 |
|
|
|a 476 с.
|c ил.
|
| 610 |
1 |
|
|a история
|
| 610 |
1 |
|
|a Америка
|
| 610 |
1 |
|
|a Северная Америка
|
| 610 |
1 |
|
|a путешествия
|
| 610 |
1 |
|
|a географические открытия
|
| 610 |
1 |
|
|a география
|
| 686 |
|
|
|a Т3(7Сое)
|v LBC/SL-A
|2 rubbk
|
| 700 |
|
1 |
|a Магидович
|b И. П.
|g Иосиф Петрович
|
| 801 |
|
0 |
|a RU
|b 63413507
|c 20011209
|g PSBO
|
| 801 |
|
2 |
|a RU
|b 63413507
|c 20120419
|g PSBO
|
| 942 |
|
|
|c BK
|